000 004550000a22001690004500
003 MACL
005 20151231155606.0
008 151231b xxu||||| |||| 00| 0 eng d
040 _aMACL
_cMACL
041 _aEnglish
082 _a370/RAN
100 _arangnathan,S.R.
_925879
245 _aEducation For Leisure
260 _bIndian Adult Education association G. Blunt and Sons
_c1954
_aLondon
650 _aEducation
_925880
942 _cBK
_k370/RAN
_2ddc
999 _c38503
_d38503